Perdido (Record no. 350711)

000 -LEADER
fixed length control field 00722mam a2200265 i 4500
001 - CONTROL NUMBER
control field 1726134
003 - CONTROL NUMBER IDENTIFIER
control field OSt
005 - DATE AND TIME OF LATEST TRANSACTION
control field 20180116183024.0
008 - FIXED-LENGTH DATA ELEMENTS--GENERAL INFORMATION
fixed length control field 770929s1978 nyu 000 1 eng
010 ## - LIBRARY OF CONGRESS CONTROL NUMBER
LC control number 77021169
020 ## - INTERNATIONAL STANDARD BOOK NUMBER
International Standard Book Number 0394408934 :
Terms of availability $9.95
035 ## - SYSTEM CONTROL NUMBER
System control number (OCoLC)ocm03361335
040 ## - CATALOGING SOURCE
Original cataloging agency DLC
Transcribing agency DLC
050 0# - LIBRARY OF CONGRESS CALL NUMBER
Classification number PZ4.R66248
Item number Pe 1978
Classification number PS3568.O2898
082 ## - DEWEY DECIMAL CLASSIFICATION NUMBER
Classification number 813.54 ROB 1978
100 1# - MAIN ENTRY--PERSONAL NAME
Personal name Robinson, Jill,
Dates associated with a name 1936-
245 10 - TITLE STATEMENT
Title Perdido
Statement of responsibility, etc. Jill Robinson.
250 ## - EDITION STATEMENT
Edition statement 1st ed.
260 ## - PUBLICATION, DISTRIBUTION, ETC.
Place of publication, distribution, etc. New York :
Name of publisher, distributor, etc. Knopf,
Date of publication, distribution, etc. 1978.
300 ## - PHYSICAL DESCRIPTION
Extent 454 p.
Dimensions 22 cm.
440 ## - SERIES STATEMENT/ADDED ENTRY--TITLE
Title Perdido
590 ## - LOCAL NOTE (RLIN)
Local note Rare Book copy: On cover: "Special advance reading edition (not for sale)".
942 ## - ADDED ENTRY ELEMENTS (KOHA)
Source of classification or shelving scheme
Koha item type Book
Holdings
Withdrawn status Lost status Source of classification or shelving scheme Damaged status Not for loan Collection code Permanent Location Current Location Shelving location Date acquired Total Checkouts Full call number Barcode Date last seen Price effective from Koha item type
            Central Library (CL) Central Library (CL) Fiction 12/02/2015   813.54 ROB 1978 NBSD-2270 12/02/2015 12/02/2015 Book
© 2023 Central Library, National University of Sciences and Technology. All Rights Reserved.